Football - 10 Youngest Players to 100 wins in Premier League - Statistics

General Stats
  • This quiz has been taken 74 times
  • The average score is 6 of 10
Answer Stats
Players Age Clubs % Correct
1 Wayne Rooney 22 years and 87 days Everton / Manchester United
96%
4 Phil Foden 22 years and 358 days Manchester City
83%
5 Raheem Sterling 23 years and 15 days Liverpool / Manchester City
79%
3 Bukayo Saka 22 years and 354 days Arsenal
69%
9 Phil Neville 23 years and 340 days Manchester United
56%
7 Ryan Giggs 23 years and 44 days Manchester United
54%
8 Trent Alexander-Arnold 23 years and 58 days Liverpool
52%
10 Marcus Rashford 24 years and 41days Manchester United
50%
6 Cristiano Ronaldo 23 years and 25 days Manchester United
46%
2 Cesc Fabregas 22 years and 180 days Arsenal
33%
No matching quizzes found
Score Distribution
Percent of People with Each Score
Percentile by Number Answered
Your Score History
You have not taken this quiz